Statistiken für MVPs der Basketball WM und EM (seit 2000)

Klicken Sie hier um das Quiz zu spielen!

Allgemein

  • Dieses Quiz wurde 86 mal gespielt
  • Das Durchschnittsergebnis liegt bei 6 aus 16

Antwortstatistiken

TurnierNationSpieler% Korrekt
WM 2023DeutschlandDennis Schröder
92%
WM 2002DeutschlandDirk Nowitzki
88%
EM 2005DeutschlandDirk Nowitzki
88%
WM 2006SpanienPau Gasol
58%
EM 2009SpanienPau Gasol
58%
EM 2015SpanienPau Gasol
58%
EM 2013FrankreichTony Parker
42%
WM 2010USAKevin Durant
36%
WM 2019SpanienRicky Rubio
24%
EM 2017SlowenienGoran Dragić
23%
EM 2022SpanienWilly Hernangómez
23%
EM 2001Serbien/BR JugoslawienPeja Stojakovic
14%
EM 2007RusslandAndrei Kirilenko
12%
WM 2014USAKyrie Irving
11%
EM 2011SpanienJuan Carlos Navarro
4%
EM 2003LitauenŠarūnas Jasikevičius
0%

Verteilung der Resultate

Perzentil nach korrekt beantworteten Fragen

Anzahl Personen mit jedem Resultat

Ihre Resultats-Entwicklung

Sie haben dieses Quiz noch nicht gespielt